জগন্নাথ হলের সেই ভয়াল রাত / (Record no. 104994)
[ view plain ]
| 000 -LEADER | |
|---|---|
| fixed length control field | 00744nam a22001937a 4500 |
| 003 - CONTROL NUMBER IDENTIFIER | |
| control field | BD-DhUL |
| 005 - DATE AND TIME OF LATEST TRANSACTION | |
| control field | 20160919133731.0 |
| 008 - FIXED-LENGTH DATA ELEMENTS--GENERAL INFORMATION | |
| fixed length control field | 160919s2015 bg ||||| |||| 000 0 ben d |
| 020 ## - INTERNATIONAL STANDARD BOOK NUMBER | |
| International Standard Book Number | 98470339026310 |
| 040 ## - CATALOGING SOURCE | |
| Original cataloging agency | BD-DhUL |
| Transcribing agency | BD-DhUL |
| 082 ## - DEWEY DECIMAL CLASSIFICATION NUMBER | |
| Classification number | 954.92 |
| Item number | RAJ |
| 100 1# - MAIN ENTRY--PERSONAL NAME | |
| Personal name | রহমান, মুহাম্মদ হাবীবুর |
| 245 10 - TITLE STATEMENT | |
| Title | জগন্নাথ হলের সেই ভয়াল রাত / |
| Statement of responsibility, etc. | মুহাম্মদ হাবীবুর রহমান |
| 260 ## - PUBLICATION, DISTRIBUTION, ETC. (IMPRINT) | |
| Place of publication, distribution, etc. | ঢাকা : |
| Name of publisher, distributor, etc. | সাহিত্যমালা, |
| Date of publication, distribution, etc. | ২০১৫. |
| 300 ## - PHYSICAL DESCRIPTION | |
| Extent | ৮০ পৃ. ; |
| Dimensions | ২২ সেমি |
| 650 #0 - SUBJECT ADDED ENTRY--TOPICAL TERM | |
| Topical term or geographic name as entry element | বাংলাদেশ - ইতিহাস |
| 650 #0 - SUBJECT ADDED ENTRY--TOPICAL TERM | |
| Topical term or geographic name as entry element | Bangladesh - History |
| 942 ## - ADDED ENTRY ELEMENTS (KOHA) | |
| Source of classification or shelving scheme | |
| Koha item type | Books |
| Price effective from | Date last seen | Permanent Location | Not for loan | Date acquired | Source of classification or shelving scheme | Koha item type | Lost status | Withdrawn status | Copy number | Source of acquisition | Collection code | Damaged status | Shelving location | Barcode | Current Location | Full call number |
|---|---|---|---|---|---|---|---|---|---|---|---|---|---|---|---|---|
| 2016-09-19 | 2016-09-19 | Dhaka University Library | 2016-09-19 | Books | 2 | Gift | Non Fiction | General Stacks | 468108 | Dhaka University Library | 954.92 RAJ | |||||
| 2016-09-19 | 2016-09-19 | Dhaka University Library | 2015-10-14 | Books | 1 | Purchased | Non Fiction | General Stacks | 468107 | Dhaka University Library | 954.92 RAJ |
